00546nam a22001697a 450000500170000001000130001702000260003003500110005603700130006708200070008010000290008724501030011624600410021926000330026027000600029330000230035320210422163047.0 aUR-11096 c150.00a9788194411123 aU-9651 bDBAD/PUB aک aفا ر و ق ر ا ہب aلا محسو س : ا فسا نو ں کا سا تو ا ں مجمو عہ cفا ر و ق ر ا ہب aLaa Mehsoos (Urdu)bby Farooq Rahib  aN.D.c2020 ءbApplied Books a1739/104, Darya Ganj Patoudi house bN Delhie110002l- a116 ص c22 Cm(Hb)